Actividades en la naturaleza
Saved in:
| Hovedforfatter: | |
|---|---|
| Andre forfattere: | , |
| Format: | Bog |
| Sprog: | spansk |
| Udgivet: |
Barcelona
INDE
2000
|
| Fag: | |
| Tags: |
Tilføj Tag
Ingen Tags, Vær først til at tagge denne postø!
|
MARC
| LEADER | 00000nam a22000005a 4500 | ||
|---|---|---|---|
| 003 | CL-ChBUA | ||
| 005 | 20121008101121.0 | ||
| 008 | 111108s2000 sp ||||| |||| 000 ||spa | ||
| 020 | |a 8495114364 | ||
| 040 | |a CL-ChBUA |c CL-ChBUA | ||
| 082 | 0 | 0 | |a 796.5 |
| 100 | 1 | |a Casterad Seral, Jaime | |
| 245 | 1 | 0 | |a Actividades en la naturaleza |
| 260 | |a Barcelona |b INDE |c 2000 | ||
| 300 | |a 104 p. |c 24 cm. | ||
| 504 | |a índice, il., bibl. | ||
| 650 | 4 | |a VIDA - NATURALEZA | |
| 650 | 4 | |a RECREO AL AIRE LIBRE | |
| 650 | 4 | |a EDUCACION FISICA - ESTUDIO Y ENSEÑANZA | |
| 700 | 1 | |a Guillén Correas, Roberto | |
| 700 | 1 | |a Lapetra Costa, Susana | |
| 942 | |c LIB |2 ddc | ||
| 952 | |0 0 |1 0 |2 ddc |4 0 |6 796_500000000000000_C_349_C_2 |7 0 |9 1135191 |a UNACH |b UNACH |c 700 |d 2012-10-08 |i 50.076 |l 5 |m 2 |o 796.5 / C 349 c.2 |p 71155 |r 2019-10-14 00:00:00 |s 2019-02-26 |t 2 |w 2012-10-08 |y LIB | ||
| 999 | |c 29080 |d 29080 | ||